000 00375 a2200169 4500
001 72689
020 _a
040 _cAnchieta - Colégio São Paulo
100 _aRamos, Maria Lúcia
240 1 0 _aO Saci do riacho branco
_lpor
245 1 0 _aO Saci do riacho branco
300 _a74
362 0 _a1987
440 1 _aAtual
650 4 _aLiteratura juvenil
942 _cBK
999 _c72689
_d72689